000 01019nam a2200253 i 4500
001 153542
003 ES-MaACL
005 20250815004216.0
008 101118s1960 sp |||| | spa d
245 0 0 _aSistema de los estados mundiales /
_cpor Walter Goetz, Félix Salomón, Hermann Wätjen, Hans Heinrich Schaeder, Martin Winkler, F.E.A. Krause ; versión española de Manuel García Morente.
260 _aMadrid :
_bEspasa Calpe,
_c1960.
300 _aXVI, 738 p., [32] p. (algunas plegadas) :
_bil. col. y n., mapas col. y n. ;
_c27 cm.
650 7 _aHistoria contemporánea
_2embne
_913393
700 1 _aGoetz, Walter,
_d1867-1958
_957579
700 1 _aSalomon, Felix.
_9168690
700 1 _aWätjen, Hermann.
_9168689
700 1 _aSchaeder, Hans Heinrich,
_d1896-1957
_9168674
700 1 _aWinkler, Martin.
_9168682
700 1 _aKrause, F. E. A.
_9168760
700 1 _aGarcía Morente, Manuel,
_d1886-1942
_955002
852 _aES-MaACL
_jP-1045-9
942 _2udc
999 _c153542
_d153542